LEADER 00963nam0-22003251i-450- 001 990007946410403321 005 20080617142413.0 010 $a88-467-0610-2 035 $a000794641 035 $aFED01000794641 035 $a(Aleph)000794641FED01 035 $a000794641 100 $a20041110d2002----km-y0itay50------ba 101 0 $aita 102 $aIT 105 $ay-------001yy 200 1 $a<>formazione interculturale fra teoria, storia e autobiografia$fFabrizio Mamuel Sirignano 210 $aPisa$cEdizioni ETS$dc2002 215 $a143 p.$d22 cm 225 1 $aScienze dell'educazione$v36 610 0 $aEducazione interculturale 676 $a370.117 700 1$aSirignano,$bFabrizio Manuel$0496227 801 0$aIT$bUNINA$gRICA$2UNIMARC 901 $aBK 912 $a990007946410403321 952 $aP.1 PEP 265$fFLFBC 959 $aFLFBC 996 $aFormazione interculturale fra teoria, storia e autobiografia$9749087 997 $aUNINA LEADER 00979nam a22002531i 4500 001 991000929929707536 005 20040215191752.0 008 040220s1970 it a||||||||||||||||ita 035 $ab12691860-39ule_inst 035 $aARCHE-069022$9ExL 040 $aDip.to Scienze pedagogiche$bita$cA.t.i. Arché s.c.r.l. Pandora Sicilia s.r.l. 082 04$a331.8 100 1 $aChapanis, Alphonse$0108632 245 12$aL'ergonomia :$bintroduzione allo studio dei sistemi uomo-macchina /$cAlphonse Chapanis 260 $aMilano :$bF. Angeli,$cc1970 300 $a155 p. :$bill. ;$c22 cm 440 0$aFormazione permanente.$pSezione 2,$pnuove tecniche ;$v2/5 650 4$aErgonomia 907 $a.b12691860$b02-04-14$c17-03-04 912 $a991000929929707536 945 $aLE022 MPs-S 114 D 36$g1$i2022000169486$lle022$o-$pE0.00$q-$rl$s- $t0$u0$v0$w0$x0$y.i13203617$z17-03-04 996 $aErgonomia$9271835 997 $aUNISALENTO 998 $ale022$b17-03-04$cm$da $e-$fita$git $h2$i1 LEADER 03905nam 22007335 450 001 9910300223303321 005 20200701125646.0 010 $a88-470-5749-3 024 7 $a10.1007/978-88-470-5749-4 035 $a(CKB)3710000000412293 035 $a(EBL)2094381 035 $a(SSID)ssj0001501771 035 $a(PQKBManifestationID)11844021 035 $a(PQKBTitleCode)TC0001501771 035 $a(PQKBWorkID)11446603 035 $a(PQKB)11783662 035 $a(DE-He213)978-88-470-5749-4 035 $a(MiAaPQ)EBC2094381 035 $a(PPN)186025726 035 $a(EXLCZ)993710000000412293 100 $a20150505d2015 u| 0 101 0 $aeng 135 $aur|n|---||||| 181 $ctxt 182 $cc 183 $acr 200 10$aTotal, Subtotal and Proximal Gastrectomy in Cancer $eA Color Atlas /$fedited by Walter Siquini 205 $a1st ed. 2015. 210 1$aMilano :$cSpringer Milan :$cImprint: Springer,$d2015. 215 $a1 online resource (222 p.) 300 $aDescription based upon print version of record. 311 $a88-470-5748-5 327 $aPreface -- 1 Position of the patient -- 2 Steps shared by Total and Subtotal Gastrectomy -- 3 Total Gastrectomy -- 4 Manual Subtotal Gastrectomy.- 5 Stapled Subtotal Gastrectomy -- 6 Proximal Gastrectomy -- 7 Total and Subtotal D2 Laparoscopic Gastrectomy.- 8 Lymphadenectomy -- 9 Special Cases. 330 $aThis richly illustrated volume describes the performance of total and subtotal gastrectomy with extended D2 lymphadenectomy by providing a detailed step-by-step guide to both manual and mechanical procedures. Gastric cancer is the fourth most commonly occurring cancer, and the second most common cancer-related cause of death worldwide, and surgery remains the only potentially curative treatment. Although several aspects of surgical management are still controversial, all guidelines for the treatment of curable gastric cancer recommend subtotal gastrectomy (for tumors located in the antrum and corpus) or total gastrectomy (for tumors located in the fundus) with extended D2 lymphadenectomy. Various technical tips and secrets are revealed that serve to simplify the procedure and simultaneously make it more effective: by rendering esophagojejunal and gastrojejunal anastomosis more secure, the risk of leakage is minimized. High-quality intraoperative color photographs and drawings covering all steps facilitate understanding of these complex operations and will prove an invaluable tool for surgeons, residents and professionals in the field. 606 $aCancer$xSurgery 606 $aAbdomen$xSurgery 606 $aSurgery 606 $aOncology 606 $aGastroenterology 606 $aSurgical Oncology$3https://scigraph.springernature.com/ontologies/product-market-codes/H59150 606 $aAbdominal Surgery$3https://scigraph.springernature.com/ontologies/product-market-codes/H5901X 606 $aGeneral Surgery$3https://scigraph.springernature.com/ontologies/product-market-codes/H59044 606 $aOncology$3https://scigraph.springernature.com/ontologies/product-market-codes/H33160 606 $aGastroenterology$3https://scigraph.springernature.com/ontologies/product-market-codes/H33061 615 0$aCancer$xSurgery. 615 0$aAbdomen$xSurgery. 615 0$aSurgery. 615 0$aOncology. 615 0$aGastroenterology. 615 14$aSurgical Oncology. 615 24$aAbdominal Surgery. 615 24$aGeneral Surgery. 615 24$aOncology. 615 24$aGastroenterology. 676 $a610 676 $a616.33 676 $a616994 676 $a617 676 $a617.55059 702 $aSiquini$b Walter$4edt$4http://id.loc.gov/vocabulary/relators/edt 906 $aBOOK 912 $a9910300223303321 996 $aTotal, Subtotal and Proximal Gastrectomy in Cancer$92504774 997 $aUNINA